000 00467cam a2200193ua 4500
020 _a0-582-41328-1
041 _aeng
_h
082 _a664
_bBRO/BA
100 _aBrownsell, V.L .
245 _aBasic science for food studies /
_cV.L.Brownsell.
_hTextual Documents
250 _a1 /
_b.
260 _a :
_bLongman ,
_c1985.
300 _a241 ; .
504 _a
700 1 _aGriffith, C.J .
700 1 _aJones, Eleri .
942 _cBK
999 _c1525
_d1525